[Event "Giovanni Pico Cup 5th"]
[Site "Mirandola"]
[Date "2012.01.15"]
[Round "5"]
[White "Sasdelli, Massimo"]
[Black "Moi, Roberto"]
[Result "0-1"]
[WhiteElo "1840"]
[BlackElo "1931"]
[PlyCount "72"]
[EventDate "2012.01.13"]
[EventType "swiss"]
[EventRounds "5"]
[EventCountry "ITA"]
[SourceTitle "EXT 2023"]
[Source "ChessBase"]
[SourceDate "2022.10.05"]
[SourceVersion "1"]
[SourceVersionDate "2022.10.05"]
[SourceQuality "1"]

1. c4 e5 2. g3 Nc6 3. Bg2 g6 4. Nc3 Bg7 5. d3 d6 6. Nf3 f5 7. Rb1 Nf6 8. 0-0 0-0 9. b4 h6 10. e3 Qe8 11. Qc2 g5 12. Nd5 Qf7 13. b5 Nd8 14. Nd2 Be6 15. Qb3 Nh5 16. Ba3 f4 17. Bb2 Qd7 18. Qd1 Bg4 19. f3 Bh3 20. g4 Bxg2 21. Kxg2 fxe3 22. gxh5 exd2 23. Qxd2 Ne6 24. Rf2 c6 25. Nc3 Nf4+ 26. Kh1 Nh3 27. Rff1 Rf7 28. bxc6 bxc6 29. Qe3 Raf8 30. Ne4 g4 31. Ba3 Rxf3 32. Rxf3 Rxf3 33. Rb8+ Kh7 34. Qe2 d5 35. cxd5 cxd5 36. Nc5 Qf5 0-1

[Event "Giovanni Pico Cup 5th"]
[Site "Mirandola"]
[Date "2012.01.14"]
[Round "3"]
[White "Santamato, Luigi"]
[Black "Moi, Roberto"]
[Result "0-1"]
[WhiteElo "1717"]
[BlackElo "1931"]
[PlyCount "130"]
[EventDate "2012.01.13"]
[EventType "swiss"]
[EventRounds "5"]
[EventCountry "ITA"]
[SourceTitle "EXT 2023"]
[Source "ChessBase"]
[SourceDate "2022.10.05"]
[SourceVersion "1"]
[SourceVersionDate "2022.10.05"]
[SourceQuality "1"]

1. d4 f5 2. c4 Nf6 3. g3 g6 4. Bg2 Bg7 5. Nf3 0-0 6. 0-0 d6 7. Nc3 Qe8 8. Bg5 c6 9. Qd2 e5 10. dxe5 dxe5 11. Bh6 Na6 12. Bxg7 Kxg7 13. Qd6 e4 14. Nd4 Bd7 15. Qf4 Qb8 16. Qxb8 Raxb8 17. e3 Nb4 18. Rfd1 Nd3 19. Rd2 a6 20. Bf1 Ne5 21. c5 Kf7 22. Kg2 Be6 23. Nxe6 Kxe6 24. Rd6+ Ke7 25. Rad1 Rfd8 26. b4 Ne8 27. Rxd8 Rxd8 28. Rxd8 Kxd8 29. a3 Ke7 30. h4 Ke6 31. Be2 Nc7 32. Kf1 Nd5 33. Nb1 Nd7 34. Ke1 a5 35. Bc4 Ke5 36. bxa5 Nxc5 37. Kd2 Na4 38. Kc2 Kd6 39. Kb3 Nc5+ 40. Kc2 Nd7 41. Nd2 Ne5 42. Kd1 Nxc4 43. Nxc4+ Kc5 44. Nd2 Kb5 45. Nb3 Nf6 46. Kc2 Ng4 47. Kc3 Nxf2 48. a4+ Kxa4 49. Nc5+ Kxa5 50. Nxb7+ Kb6 51. Nd6 Nh1 52. Ne8 Nxg3 53. Nf6 Nf1 54. Nxh7 Nxe3 55. Nf8 Nd5+ 56. Kd4 Ne7 57. Ne6 Kb5 58. Nf4 c5+ 59. Ke5 Kc6 60. Ke6 Ng8 61. Nxg6 e3 62. Nf4 Nh6 63. Kf6 Kd6 64. Kg6 Ke5 65. Ne2 f4 0-1

[Event "Mirandola Giovanni Pico op 4th"]
[Site "Mirandola"]
[Date "2011.01.16"]
[Round "5"]
[White "Chiaretti, Roberto"]
[Black "Moi, Roberto"]
[Result "1-0"]
[WhiteElo "2205"]
[BlackElo "1934"]
[PlyCount "67"]
[EventDate "2011.01.14"]
[EventType "swiss"]
[EventRounds "5"]
[EventCountry "ITA"]
[SourceTitle "EXT 2012"]
[Source "ChessBase"]
[SourceDate "2011.11.24"]
[SourceVersion "1"]
[SourceVersionDate "2011.11.24"]
[SourceQuality "1"]

1. e4 c5 2. Nf3 Nf6 3. Nc3 d6 4. d4 cxd4 5. Qxd4 Bd7 6. Bg5 Nc6 7. Qd2 e6 8. Bb5 Rc8 9. 0-0-0 a6 10. Bxc6 Bxc6 11. Rhe1 Be7 12. Nd4 Bd7 13. f4 0-0 14. g4 b5 15. Bxf6 Bxf6 16. g5 Be7 17. h4 b4 18. Nce2 Qa5 19. Kb1 Qb6 20. f5 e5 21. Nf3 f6 22. Ng3 Be8 23. h5 fxg5 24. Nxg5 Bxg5 25. Qxg5 h6 26. Qg4 Rf6 27. Nf1 Qc5 28. Ne3 Bc6 29. Re2 Qb5 30. Red2 Qb7 31. Rxd6 Rxd6 32. Rxd6 Bxe4 33. f6 Bf3 34. Qe6+ 1-0

[Event "Mirandola Giovanni Pico 3rd"]
[Site "Mirandola"]
[Date "2010.01.16"]
[Round "3"]
[White "Moi, Roberto"]
[Black "Paoli, Walter"]
[Result "1/2-1/2"]
[WhiteElo "1945"]
[BlackElo "2063"]
[PlyCount "102"]
[EventDate "2010.01.15"]
[EventType "swiss"]
[EventRounds "5"]
[EventCountry "ITA"]
[SourceTitle "EXT 2024"]
[Source "ChessBase"]
[SourceDate "2023.10.10"]
[SourceVersion "1"]
[SourceVersionDate "2023.10.10"]
[SourceQuality "1"]

1. d4 Nf6 2. c4 g6 3. Nc3 d5 4. Nf3 Bg7 5. Qb3 dxc4 6. Qxc4 0-0 7. e4 a6 8. Bf4 b5 9. Qxc7 Qxc7 10. Bxc7 b4 11. Na4 Nbd7 12. Bd3 Bb7 13. 0-0 Nxe4 14. Rfe1 Nef6 15. Rxe7 Bc6 16. b3 Nd5 17. Rxd7 Bxd7 18. Bd6 Rfe8 19. Nc5 Bb5 20. Be4 Bc6 21. Ne5 Rad8 22. Bc7 Nxc7 23. Nxc6 Bxd4 24. Nxd8 Bxa1 25. Nc6 Bc3 26. g4 Kg7 27. Kg2 Ne6 28. Nxa6 Nd4 29. Nxd4 Bxd4 30. Kf3 Bc3 31. Nc7 Rd8 32. Nb5 Rd2 33. a4 Be5 34. h3 h5 35. Ke3 Ra2 36. Bb7 Kf6 37. Kd3 Rxf2 38. a5 hxg4 39. hxg4 Bb8 40. a6 Ke5 41. a7 Bxa7 42. Nxa7 f5 43. gxf5 Kxf5 44. Be4+ Kf6 45. Nc6 g5 46. Nxb4 g4 47. Nd5+ Ke5 48. Ne3 Kf4 49. Nd5+ Ke5 50. Ne3 Kf4 51. Nd5+ Ke5 1/2-1/2

[Event "Correggio op 1st"]
[Site "Correggio"]
[Date "2007.12.08"]
[Round "3"]
[White "Rubini, Alessandro"]
[Black "Moi, Roberto"]
[Result "1/2-1/2"]
[WhiteElo "1733"]
[BlackElo "1939"]
[PlyCount "128"]
[EventDate "2007.12.07"]
[EventType "swiss"]
[EventRounds "6"]
[EventCountry "ITA"]
[SourceTitle "EXT 2010"]
[Source "ChessBase"]
[SourceDate "2010.11.25"]
[SourceVersion "1"]
[SourceVersionDate "2010.11.25"]
[SourceQuality "1"]

1. e4 e5 2. f4 Nf6 3. fxe5 Nxe4 4. Nf3 Ng5 5. d4 Nxf3+ 6. Qxf3 Qh4+ 7. Qf2 Qxf2+ 8. Kxf2 d6 9. exd6 Bxd6 10. Bd3 Be6 11. Nd2 Nc6 12. c3 0-0-0 13. Ne4 Be7 14. Ng5 g6 15. Nxe6 fxe6 16. Re1 Rhf8+ 17. Kg1 Kd7 18. Bc4 e5 19. Bh6 Rf5 20. g4 Rf4 21. Bxf4 exf4 22. Bb5 a6 23. Bxc6+ bxc6 24. Kg2 Rf8 25. Kf3 Bd6 26. Re2 c5 27. dxc5 Bxc5 28. Rd1+ Kc8 29. Rd5 Be3 30. c4 Rf7 31. b4 c6 32. Rd3 Rb7 33. Rb2 Kc7 34. a4 Kc8 35. Rd6 Rc7 36. h4 Kb7 37. b5 axb5 38. axb5 cxb5 39. Rxb5+ Kc8 40. Rbd5 Rxc4 41. Rd8+ Kc7 42. R5d7+ Kb6 43. Rd6+ Kc5 44. Rc8+ Kxd6 45. Rxc4 h5 46. gxh5 gxh5 47. Ra4 Ke6 48. Ra5 Kf6 49. Rxh5 Kg6 50. Rb5 Kh6 51. Kg4 Kg6 52. Rd5 Kh6 53. h5 Bc1 54. Rg5 Bd2 55. Rg6+ Kh7 56. Kf3 Bc1 57. Rb6 Bd2 58. Rg6 Be3 59. Rg2 Kh6 60. Kg4 Kh7 61. Rh2 Kh6 62. Rh1 Bd2 63. Rf1 Be3 64. Rd1 Kh7 1/2-1/2

[Event "Rivarolo Mantovano op"]
[Site "Rivarolo Mantovano"]
[Date "2003.10.19"]
[Round "5"]
[White "Pipitone, Antonio"]
[Black "Moi, Roberto"]
[Result "1/2-1/2"]
[WhiteElo "2014"]
[BlackElo "1840"]
[PlyCount "87"]
[EventDate "2003.10.11"]
[EventType "swiss"]
[EventRounds "6"]
[EventCountry "ITA"]
[SourceTitle "EXT 2007"]
[Source "ChessBase"]
[SourceDate "2006.11.23"]
[SourceVersion "1"]
[SourceVersionDate "2006.11.23"]
[SourceQuality "1"]

1. e4 e5 2. Nf3 Nf6 3. Nxe5 d6 4. Nf3 Nxe4 5. d4 d5 6. Bd3 Nc6 7. 0-0 Be7 8. c4 Nb4 9. cxd5 Nxd3 10. Qxd3 Qxd5 11. Nc3 Nxc3 12. bxc3 0-0 13. c4 Qf5 14. Qe3 Bf6 15. Ba3 Rd8 16. Rae1 Bd7 17. Qe4 Qxe4 18. Rxe4 Bf5 19. Rf4 Bd3 20. Rc1 Be2 21. d5 Re8 22. Bc5 Bxf3 23. Rxf3 Re4 24. Kf1 b6 25. Be3 Rae8 26. c5 Bd4 27. cxb6 Bxb6 28. Bxb6 cxb6 29. Rd3 Kf8 30. d6 Rd8 31. Rc7 Re6 32. Rxa7 Rexd6 33. Rxd6 Rxd6 34. Ke2 g6 35. Rb7 Kg7 36. Ke3 Kf6 37. f4 h5 38. h3 Ke6 39. g4 hxg4 40. hxg4 f5 41. g5 Kd5 42. Rf7 Re6+ 43. Kf3 Rc6 44. Rd7+ 1/2-1/2